Catálogo
 En Linea

Actas del Congreso Un Futuro para la Orinoquía-Amazonia / (Registro nro. 1950)

Detalles MARC
000 -CABECERA
campo de control de longitud fija 01277cam a2200301 a 4500
001 - NÚMERO DE CONTROL
campo de control 000002090
003 - IDENTIFICADOR DEL NÚMERO DE CONTROL
campo de control DO-SdBNP
005 - FECHA Y HORA DE LA ÚLTIMA TRANSACCIÓN
campo de control 20251028114243.0
008 - DATOS DE LONGITUD FIJA--INFORMACIÓN GENERAL
campo de control de longitud fija 921104s1991 ve 101 0 spa
020 ## - NÚMERO INTERNACIONAL ESTÁNDAR DEL LIBRO
ISBN cancelado o inválido 980706720
040 ## - FUENTE DE LA CATALOGACIÓN
Centro catalogador/agencia de origen DO-SdBNP
Centro/agencia transcriptor DLC
Centro/agencia modificador DLC
082 ## - NÚMERO DE LA CLASIFICACIÓN DECIMAL DEWEY
Número de clasificación 333.7
Número de documento/Ítem C749a
111 2# - ENTRADA PRINCIPAL--NOMBRE DE CONGRESO/REUNIÓN
Nombre de congreso/reunión o jurisdicción como elemento de entrada Congreso Un Futuro para la Orinoquía-Amazonia
Fecha del congreso/reunión (1991 :
Sede del congreso/Lugar de la reunión Fundación Polar and Universidad Simón Bolivar)
9 (RLIN) 6724
245 10 - MENCIÓN DE TÍTULO
Título Actas del Congreso Un Futuro para la Orinoquía-Amazonia /
Mención de responsabilidad, etc. Instituciones organizadoras, Fundación Terramar ... [et al.] ; editores, María Corina Wallis B., Klaus Jaffé C.
260 ## - PUBLICACIÓN, DISTRIBUCIÓN, ETC.
Lugar de publicación, distribución, etc. Venezuela :
Nombre del editor, distribuidor, etc. s.n.,
Fecha de publicación, distribución, etc. 1991.
300 ## - DESCRIPCIÓN FÍSICA
Extensión 152 p. ;
Dimensiones 22 cm.
500 ## - NOTA GENERAL
Nota general Incluye índice
650 #4 - PUNTO DE ACCESO ADICIONAL DE MATERIA--TÉRMINO DE MATERIA
Término de materia o nombre geográfico como elemento de entrada Política ambiental
Subdivisión geográfica Región Río Orinoco (Venezuela y Colombia)
Subdivisión general Congreso
9 (RLIN) 6725
650 #4 - PUNTO DE ACCESO ADICIONAL DE MATERIA--TÉRMINO DE MATERIA
Término de materia o nombre geográfico como elemento de entrada Política ambiental
Subdivisión geográfica Venezuela
Subdivisión general Congreso
9 (RLIN) 6727
651 #4 - PUNTO DE ACCESO ADICIONAL DE MATERIA--NOMBRE GEOGRÁFICO
Nombre geográfico Región Río Orinoco (Venezuela Y Colombia)
Subdivisión general Política económica
-- Congreso
9 (RLIN) 6726
651 #4 - PUNTO DE ACCESO ADICIONAL DE MATERIA--NOMBRE GEOGRÁFICO
Nombre geográfico Venezuela
Subdivisión general Política económica
-- Congreso
9 (RLIN) 26230
700 1# - PUNTO DE ACCESO ADICIONAL--NOMBRE DE PERSONA
Nombre de persona Wallis B., María Corina.
Término indicativo de función/relación ed.
9 (RLIN) 6729
700 1# - PUNTO DE ACCESO ADICIONAL--NOMBRE DE PERSONA
Nombre de persona Jaffé, Klaus.
Término indicativo de función/relación ed.
9 (RLIN) 6730
710 2# - PUNTO DE ACCESO ADICIONAL--NOMBRE DE ENTIDAD CORPORATIVA
Nombre de entidad corporativa o nombre de jurisdicción como elemento de entrada Fundacion Terramar.
9 (RLIN) 6731
740 0# - PUNTO DE ACCESO ADICIONAL--TÍTULO RELACIONADO O ANALÍTICO NO CONTROLADO
Título relacionado o analítico no controlado Futuro para la orinoquía-amazonia
910 ## - DATOS DE OPCIÓN DEL USUARIO (OCLC)
Datos de opción del usuario Catalogación por copia / LC
942 ## - ELEMENTOS DE PUNTO DE ACCESO ADICIONAL (KOHA)
Fuente del sistema de clasificación o colocación Dewey Decimal Classification
Tipo de ítem Koha Libro
Existencias
Estado de retiro Estado de pérdida Restricciones de uso No para préstamo Código de colección Localización permanente Ubicación/localización actual Ubicación en estantería Fecha de adquisición Número de inventario Total de préstamos Signatura topográfica completa Código de barras Fecha visto por última vez Precio válido a partir de Tipo de ítem Koha
    Préstamo interno   Monografías: Libros y Folletos General General En catalogación 03.07.2009 LF1   333.7 C749a 2090-10 25.06.2020 25.06.2020 Préstamo interno

Con tecnología Koha